Pipe systems: transite, PVC, permastran, thermopipes

Kaydedildi:
Detaylı Bibliyografya
Materyal Türü: Kitap
Dil:English
Baskı/Yayın Bilgisi: Denver, Colorado : Johns-Maville
Etiketler: Etiketle
Etiket eklenmemiş, İlk siz ekleyin!

MARC

LEADER 00000nam a2200000Ia 4500
003 MV0093
005 20221231143950.0
008 140114s us a 000 ||eng d
040 |c cru CEDI 
090 |a MV 93 
245 |a Pipe systems: transite, PVC, permastran, thermopipes  
260 |a Denver, Colorado : Johns-Maville 
300 |a 35 páginas :ilustraciones a color  
942 |c MX 
999 |c 14916  |d 14916